| 000 | 00959nam a2200229 a 4500 | ||
|---|---|---|---|
| 001 | 71524 | ||
| 003 | BD-RjUL | ||
| 005 | 20211209082127.0 | ||
| 008 | 170504s1987 bg |||| |||| 000 0 ben d | ||
| 020 | _c: Tk. 32.00 | ||
| 035 | _a(BD-RjUL)71740 | ||
| 040 |
_aBD-RjUL _bben _cBD-RjUL _dBD-RjUL |
||
| 041 | _aben | ||
| 082 |
_223 _a891.4409 _bPAT 1987 |
||
| 100 | 1 |
_aইসলাম, আ. মু. মু. নূরুল _9211633 |
|
| 245 | 1 | 0 |
_aপত্র-সাহিত্য ডঃ মুহম্মদ শহীদুল্লাহ্ / _cআ. মু. মু. নূরুল ইসলাম |
| 260 |
_aঢাকা : _bইসলামিক ফাউণ্ডেশন, _c১৯৮৭ [১৪০৭] |
||
| 300 |
_a১৯৪ পৃ. ; _c২৭ সেমি. |
||
| 650 |
_aবাংলা সাহিত্য _xইতিহাস ও সমালোচনা _9211634 |
||
| 650 |
_aBengali Literature _xHistory and criticism _9211635 |
||
| 942 |
_2ddc _cBK |
||
| 999 |
_c71524 _d71524 |
||